Statistics for Country Knowledge #2 - Albania

Click here to take the quiz!

General Stats

  • This quiz has been taken 135 times
  • The average score is 6 of 19

Answer Stats

HintAnswer% Correct
CurrencyAlbanian lek
88%
Largest CityTirana
84%
CapitalTirana
84%
Official LanguageAlbanian
76%
ReligionIslam
74%
What Country Did Albania Defeat in Soccer ( EURO 2016 )Romania
33%
Highest MountainKorab
32%
PresidentIllir Meta
23%
National AnimalGolden Eagle
17%
Population2.876 Million
16%
Highest Mountain Height2764m
6%
GDP per capita$4,146.90
6%
Largest LakeLake Scutari
5%
GDP Rank125th
4%
GDP11.93 Billion
3%
Shkodër Population135,612
3%
Population Rank138th
3%
Longest RiverAoös
2%
National AnthemNational Anthem of Albania
2%

Score Distribution

Percentile by Number Answered

Percent of People with Each Score

Your Score History

You have not taken this quiz